Impact of the changing status of women on population growth (Record no. 15206)

MARC details
000 -LEADER
fixed length control field 00315nam a2200121Ia 4500
082 ## - DEWEY DECIMAL CLASSIFICATION NUMBER
Classification number TA.0047
100 ## - MAIN ENTRY--AUTHOR NAME
Personal name Anand, Kulwant
245 #0 - TITLE STATEMENT
Title Impact of the changing status of women on population growth
250 ## - EDITION STATEMENT
Edition statement Panjab University
300 ## - PHYSICAL DESCRIPTION
Number of Pages vi,246
942 ## - ADDED ENTRY ELEMENTS (KOHA)
Koha item type Books
Holdings
Withdrawn status Lost status Damaged status Not for loan Home library Current library Date acquired Full call number Accession Number Price effective from Koha item type
        NASSDOC Library NASSDOC Library 08/10/2004 TA.0047 9674 18/04/2019 Books